First Five: Miscellaneous Quiz Stats

 Plays Quiz Updated Nov 8, 2017

Challenge
Share
Tweet
Embed
Score 0/30 Timer 06:00
0 Plays Today
% Correct
United States (1971)
96.4%
Canada (1987)
92.1%
Alfa
88.1%
Harvard University (1650)
85.1%
Toyota (1937)
83.8%
Yale University (1701)
81.3%
Honda (1946)
76.9%
Delta
74.3%
Charlie
73.8%
Bravo
73.2%
Lettuce
71.7%
Japan (1996)
67.7%
Cheese
63.1%
Princeton University (1746)
60%
Echo
59.5%
% Correct
Capricorn (22 December – 19 January)
59.4%
Taurus (20 April – 20 May)
58.4%
Aries (21 March – 19 April)
57.5%
Pickles
56.4%
Pisces (19 February – 20 March)
55.8%
Aquarius (20 January – 18 February)
54.5%
Special Sauce
48.8%
Nissan (1933)
48.1%
Columbia University (1754)
41.1%
Mitsubishi (1917)
39.9%
Two All Beef Patties
36.7%
College of William & Mary (1693)
24.9%
Philippines (1997)
11.9%
Singapore (1996)
10.4%
Daihatsu (1951)
4.3%

You're not logged in!

Compare scores with friends on all Sporcle quizzes.
Join for Free
OR
Log In

You Might Also Like...

Show Comments

Extras

Top Quizzes Today


Score Distribution

Your Account Isn't Verified!

In order to create a playlist on Sporcle, you need to verify the email address you used during registration. Go to your Sporcle Settings to finish the process.

Report this User

Report this user for behavior that violates our Community Guidelines.

Details: